书目信息 |
| 题名: |
平等与效率
|
|
| 作者: | A.奥肯 著 ;王奔洲 译 | |
| 分册: | ||
| 出版信息: | 北京 华夏出版社 1999.1 |
|
| 页数: | 116页 | |
| 开本: | 20cm | |
| 丛书名: | 现代西方思想文库 | |
| 单 册: | ||
| 中图分类: | F012 | |
| 科图分类: | ||
| 主题词: | 经济规律--研究 | |
| 电子资源: | ||
| ISBN: | 7-5080-1649-1 | |
| 000 | 00789nam0 2200253 45 | |
| 001 | 0104090960 | |
| 005 | 20031219104049.4 | |
| 010 | @a7-5080-1649-1@dCNY8.80 | |
| 100 | @a20010409d1999 km y0chiy0120 ea | |
| 101 | 0 | @achi |
| 105 | @a z 000yy | |
| 200 | 1 | @a平等与效率@APing Deng Yu Xiao Lu@e重大的抉择@EZhong Da De Jue Ze@f(美)A.奥肯(Okum,A.)著@F(Mei)A.Ao Ken(Okum,A.)Zhu@g王奔洲译 |
| 205 | @a2版 | |
| 210 | @a北京@c华夏出版社@d1999.1 | |
| 215 | @a116页@d20cm | |
| 225 | @a现代西方思想文库 | |
| 410 | @12001 @a现代西方思想文库 | |
| 517 | @a重大的抉择@AZhong Da De Jue Ze | |
| 606 | 0 | @a经济规律@x研究 |
| 690 | @aF012@v2 | |
| 701 | 0 | @aA.奥肯@bOkum,A.@4著 |
| 702 | 0 | @a王奔洲@AWang Ben Zhou@4译 |
| 801 | @aCN@bTSTC@c20010514 | |
| 905 | @a213230@f3@b296652-654@dF012@e143=2 | |
| 平等与效率:重大的抉择/(美)A.奥肯(Okum,A.)著/王奔洲译.-2版.-北京:华夏出版社,1999.1 |
| 116页;20cm.-(现代西方思想文库) |
| ISBN 7-5080-1649-1:CNY8.80 |
| ● |
| 相关链接 |
|
|
|
|
正题名:平等与效率
索取号:F012/143=2
 
预约/预借
| 序号 | 登录号 | 条形码 | 馆藏地/架位号 | 状态 | 备注 |
| 1 | 0296652 | 002966525 | 第一借阅区/ [索取号:F012/143=2] | 在馆 | |
| 2 | 0296653 | 002966534 | 第一借阅区/ [索取号:F012/143=2] | 在馆 | |
| 3 | 0296654 | 002966543 | 第一样本阅览室/ [索取号:F012/143=2] | 在馆 |